Loading...
Tourism concepts and principles/
| Main Author: | |
|---|---|
| Format: | Printed Book |
| Published: |
United Kingdom:
ED-Tech Press,
2019.
|
| Subjects: |
| LEADER | 00521nam a22001457a 4500 | ||
|---|---|---|---|
| 020 | |a 9781788824125 | ||
| 082 | |a 338.4791 |b NOR | ||
| 100 | |a Norris, Zeeshan | ||
| 245 | |a Tourism concepts and principles/ |c Zeeshan Norris. | ||
| 260 | |a United Kingdom: |b ED-Tech Press, |c 2019. | ||
| 300 | |a 308 pages. |b Includes bibliography and index. | ||
| 650 | |a Tourism | ||
| 942 | |c BK | ||
| 999 | |c 303240 |d 303240 | ||
| 952 | |0 0 |1 0 |4 0 |6 338_479100000000000_NOR |7 0 |9 323773 |a IMK |b IMK |d 2020-10-13 |g 12935.00 |l 0 |o 338.4791 NOR |p IMK0T577 |r 2020-10-13 |w 2020-10-13 |y BK | ||